| 000 | 00605cac a2200205 a 4500 | ||
|---|---|---|---|
| 003 | Co-PeBPM | ||
| 005 | 20260217172232.0 | ||
| 008 | 231129e1967||||xx |||||||||||||| ||spa|| | ||
| 040 | 1 |
_aCo-PeBPM _bspa _cCo-PeBPM _erda |
|
| 041 | 1 | _aspa | |
| 082 | _a209 V289c | ||
| 100 | 1 |
_aVarcl, Ladislav _eAutor |
|
| 245 | 1 | 0 |
_aEl cristianismo : _bsus orígenes _c/ Ladislav Varcl |
| 260 |
_aAtlántico, Barranquilla _bEdiciones librería norte _c1967 |
||
| 300 |
_a132 páginas _c19 centímetros |
||
| 500 | _aIncluye índice | ||
| 650 | 1 | 4 |
_2LEMB _aReligión |
| 650 | 1 | 4 |
_2LEMB _aCristianismo |
| 942 |
_2ddc _cBK _n0 |
||
| 999 |
_c10714 _d10714 |
||